| 000 | 00482nam a2200169Ia 4500 | ||
|---|---|---|---|
| 999 |
_c28093 _d28093 |
||
| 003 | OSt | ||
| 005 | 20201202132819.0 | ||
| 008 | 190216s9999||||xx |||||||||||||| ||und|| | ||
| 040 | _coclc | ||
| 082 |
_a894.8123 _bSHY/C |
||
| 100 |
_aShyamala, P R _97115 |
||
| 245 | 0 |
_aChandrayanam / _cP R Shyamala |
|
| 260 |
_bPoorna Publications, _c1999. _a Kozhikode: |
||
| 300 | _a267p | ||
| 650 | _aMalayalam Novel | ||
| 942 |
_cBK _2ddc _h894.8123 _iSHY/C _k894.8123 _mSHY/C |
||